الأب ودوره في تربية الأبناء / (رقم التسجيلة. 33859)
[ عرض عادي ]
| 000 -الفاتح | |
|---|---|
| حقل البيانات ثابتة الطول | 00631nam a22001937a 4500 |
| 003 - محدد رقم الضبط | |
| رقم الضبط | OSt |
| 005 - وقت وتاريخ اخر تعامل مع التسجيلة | |
| رقم الضبط | 20150408114209.0 |
| 008 - عناصر البيانات ثابتة الطول - معلومات عامة | |
| حقل البيانات ثابتة الطول | 140224s 2013jo ||||g b 00| 0 ara d |
| 020 ## - الرقم الدولى المعيارى للكتب | |
| الرقم الدولى المعيارى للكتاب | 9789957490379 |
| 040 ## - مصدر الفهرسة | |
| وكالة الفهرسة الأصلية | ma-un |
| 082 ## - رقم تصنيف ديوى العشرى | |
| رقم الطبعة | 21 |
| رقم التصنيف | 212.5 |
| رقم المادة | ك ع أ |
| 100 ## - المدخل الرئيسى - إسم شخصى | |
| الإسم الشخصى | كنعان، علي |
| 9 (RLIN) | 15520 |
| 245 ## - بيان العنوان | |
| العنوان | الأب ودوره في تربية الأبناء / |
| بيان المسئوليه,etc | علي كنعان. |
| 260 ## - PUBLICATION, DISTRIBUTION, ETC. (IMPRINT) | |
| مكان الناشر او الموزع | عمان، الأردن : |
| اسم الناشر او الموزع | دار المعتز، |
| تاريخ النشر أو التوزيع | 2013 |
| 300 ## - الوصف المادى | |
| التعداد | 185 ص. ؛ |
| أبعاد الوعاء | 24 سم. |
| 504 ## - تبصرة ببليوجرافية | |
| تبصرة ببليوجرافية,الخ | يشتمل علي ارجاعات ببليوجرافية. |
| 650 ## - المدخل الاضافى بالموضوع-مصطلح موضوعى | |
| مصطلح موضوعي أو اسم جغرافي كعنصر مدخل | الأبناء |
| التقسيم الفرعي العام | تربية |
| 9 (RLIN) | 43199 |
| 942 ## - عناصر المدخل الإضافي( كوها) | |
| مصدر التصنيف او مخطط الترفيف | Dewey Decimal Classification |
| Koha [default] item type | كتاب |
| حالة الفقد | نموذج السعر الفعال | حالة تلف | ليس للاعارة | رقم الطلب | تاريخ الاكتساب | الموقع الحالي | الباركود | الفرع الرئيسي | Date last seen | نوع المادة فى نظام كوها | مصدر التصنيف او خطة الترفيف | Total Checkouts |
|---|---|---|---|---|---|---|---|---|---|---|---|---|
| 2014-02-24 | 212.5 ك ع أ | 2014-02-24 | المكتبة المركزية بالمجمعة (CL) | 00124261 | المكتبة المركزية بالمجمعة (CL) | 2014-02-24 | كتاب | Dewey Decimal Classification | ||||
| 2014-02-24 | 212.5 ك ع أ | 2014-02-24 | المكتبة المركزية بالمجمعة (CL) | 00124262 | المكتبة المركزية بالمجمعة (CL) | 2014-02-24 | كتاب | Dewey Decimal Classification | ||||
| 2014-02-24 | 212.5 ك ع أ | 2014-02-24 | المكتبة المركزية بالمجمعة (CL) | 00124263 | المكتبة المركزية بالمجمعة (CL) | 2014-02-24 | كتاب | Dewey Decimal Classification | ||||
| 2014-02-24 | 212.5 ك ع أ | 2014-02-24 | مكتبة مجمع الكليات بالزلفى - طلاب (SZM) | 00126550 | مكتبة مجمع الكليات بالزلفى - طلاب (SZM) | 2014-02-24 | كتاب | Dewey Decimal Classification | ||||
| 2014-02-24 | 212.5 ك ع أ | 2014-02-24 | مكتبة مجمع الكليات بالزلفى - طلاب (SZM) | 00126551 | مكتبة مجمع الكليات بالزلفى - طلاب (SZM) | 2014-02-24 | كتاب | Dewey Decimal Classification |
